| 000 | 01160nam a2200241 a 4500 | ||
|---|---|---|---|
| 003 | AM-YeHGA | ||
| 005 | 20250617154956.0 | ||
| 008 | 170915s1902 ru a||||r|||||000|0|rus|| | ||
| 040 | _aAM-YeHGA | ||
| 041 | 0 | _arus | |
| 100 | 1 | _aРагозина, Зинаида Алексеевна | |
| 245 | 1 | 0 |
_aИстория Ассирии : _bОт возвышения ассирийской державы до падения Ниневии : С 101 рисунком и 2-мя картами, печат. красками / _cЗ.А. Рагозиной, чл. лондонск. и великобританск. "О-ва изучения Азии". |
| 246 | 1 | 3 | _aИсторiя Ассирiи |
| 250 | _a2-е изд., стереотип. | ||
| 260 |
_aС.-Петербург : _bИздание А.Ф. Маркса, _c[1902]. |
||
| 300 |
_aXIV, 500 с. : _bил. ; _c21 см. |
||
| 490 | 1 | _aДревнейшая история Востока | |
| 650 | 1 | 4 |
_aИстория _zАссирия |
| 650 | 1 | 4 |
_aИстория Древнего мира _zВосток |
| 830 | 0 | _aДревнейшая история Востока | |
| 942 |
_2udc _cBK |
||
| 090 | _c425959 | ||
| 999 |
_c423512 _d423512 |
||